| 000 | 00385 a2200145 4500 | ||
|---|---|---|---|
| 001 | 58039 | ||
| 082 | _a629.1323 AND | ||
| 090 |
_c35550 _d35550 |
||
| 100 | _aAnderson, John D jr | ||
| 245 |
_aFundamentals Of Aerodynamics, 3/e _cJohn D Anderson jr |
||
| 250 | _a3 | ||
| 260 |
_aNew York _bMc graw Hill _c2001 |
||
| 300 | _axx, 892 p. ; ill; Pb | ||
| 500 | _aBE textbook Aerospace | ||
| 942 |
_aNUST-CAE _k629.1323 AND |
||
| 999 |
_c293112 _d293112 |
||